[Event "EU-ch Seniors 65 18th"]
[Site "Drammen"]
[Date "2018.08.11"]
[Round "8"]
[White "Sand, Rolf"]
[Black "Ludviksson, Johannes"]
[Result "0-1"]
[WhiteElo "1990"]
[BlackElo "2024"]
[PlyCount "96"]
[EventDate "2018.08.04"]
[EventType "swiss"]
[EventRounds "9"]
[EventCountry "NOR"]
[SourceTitle "CBM 186 Extra"]
[Source "ChessBase"]
[SourceDate "2018.08.24"]
[SourceVersion "1"]
[SourceVersionDate "2018.08.24"]
[SourceQuality "1"]

1. c4 Nf6 2. g3 g6 3. Bg2 Bg7 4. Nc3 0-0 5. e4 d6 6. Nge2 c5 7. 0-0 Nc6 8. d3 Rb8 9. h3 a6 10. a4 Bd7 11. Be3 Qc8 12. Kh2 e5 13. Rb1 Nd4 14. b4 b6 15. b5 axb5 16. axb5 Be6 17. Nd5 Bxd5 18. exd5 Nf5 19. Bd2 Ra8 20. Ra1 Qb7 21. Qc2 Ne7 22. Bc3 Rxa1 23. Rxa1 Ra8 24. Qb2 Bh6 25. Rxa8+ Qxa8 26. Qa1 Qxa1 27. Bxa1 Bd2 28. g4 Nd7 29. Kg3 Be1 30. Bc3 Bxc3 31. Nxc3 Kg7 32. Ne4 Nc8 33. g5 f5 34. gxf6+ Nxf6 35. Nxf6 Kxf6 36. h4 Ne7 37. Be4 Nf5+ 38. Kg4 h5+ 39. Kh3 Nd4 40. Kg3 Ne2+ 41. Kf3 Nf4 42. Kg3 g5 43. f3 Ng6 44. hxg5+ Kxg5 45. Bxg6 Kxg6 46. Kh4 Kh6 47. Kg3 Kg5 48. Kh3 h4 0-1

[Event "EU-ch Seniors 65 18th"]
[Site "Drammen"]
[Date "2018.08.04"]
[Round "1"]
[White "Ludviksson, Johannes"]
[Black "Vorotnikov, Vladislav V"]
[Result "1/2-1/2"]
[WhiteElo "2024"]
[BlackElo "2445"]
[PlyCount "75"]
[EventDate "2018.08.04"]
[EventType "swiss"]
[EventRounds "9"]
[EventCountry "NOR"]
[SourceTitle "CBM 186 Extra"]
[Source "ChessBase"]
[SourceDate "2018.08.24"]
[SourceVersion "1"]
[SourceVersionDate "2018.08.24"]
[SourceQuality "1"]

1. Nf3 d6 2. d4 Nf6 3. Bf4 c6 4. h3 Qb6 5. Qc1 g6 6. e3 Bg7 7. Be2 Ne4 8. 0-0 Nd7 9. Nbd2 Nxd2 10. Nxd2 0-0 11. c3 f5 12. a4 a5 13. Bc4+ Kh8 14. Be6 Nf6 15. Bxc8 Raxc8 16. Qc2 c5 17. dxc5 Qxc5 18. Bg5 h6 19. Bxf6 Bxf6 20. e4 f4 21. e5 Bxe5 22. Qxg6 Rf6 23. Qd3 Rg8 24. Ne4 Qc6 25. f3 Rfg6 26. Rf2 d5 27. Nd2 Bd6 28. Nb3 Qc4 29. Qd4+ e5 30. Qd1 Bc7 31. Kh1 Bb6 32. Re2 Be3 33. Nxa5 Qc8 34. Qxd5 Rd8 35. Qxe5+ Kg8 36. Rae1 Rg5 37. Qe4 Rxa5 38. Qg6+ 1/2-1/2